Normal view
MARC view
- China.
Entry Corporate Name
001 - CONTROL NUMBER
- control field: 99772
003 - CONTROL NUMBER IDENTIFIER
- control field: NUST
005 - DATE AND TIME OF LATEST TRANSACTION
- control field: 20221011100952.0
008 - FIXED-LENGTH DATA ELEMENTS
- fixed length control field: 221011|| aca||aabn | a|a d
040 ## - CATALOGING SOURCE
- Original cataloging agency: NUST
- Transcribing agency: NUST
110 ## - HEADING--CORPORATE NAME
- Corporate name or jurisdiction name as entry element: China.
- Subordinate unit: Zhongguo ren min jie fang jun
670 ## - SOURCE DATA FOUND
- Source citation: Work cat.: (NUST)0: Blasko, Dennis J. 99771, The Chinese Army today :, 2006.
